Jaina dharma. (Record no. 80081)

MARC details
000 -LEADER
fixed length control field 00557nam a2200193Ia 4500
003 - CONTROL NUMBER IDENTIFIER
control field OSt
005 - DATE AND TIME OF LATEST TRANSACTION
control field 20260410113524.0
008 - FIXED-LENGTH DATA ELEMENTS--GENERAL INFORMATION
fixed length control field 210210b1969 xxu||||| |||| 00| 0 eng d
040 ## - CATALOGING SOURCE
Transcribing agency AL
041 ## - LANGUAGE CODE
Language code of text/sound track or separate title Kannada
082 ## - DEWEY DECIMAL CLASSIFICATION NUMBER
Classification number 294.4K KAIJ
100 ## - MAIN ENTRY--PERSONAL NAME
Personal name KAILASHACHANDRA SHASTHRI.
Dates associated with a name ಕೈಲಾಶಚಂದ್ರ ಶಾಸ್ತ್ರಿ
9 (RLIN) 261334
245 ## - TITLE STATEMENT
Title Jaina dharma.
Remainder of title ಜೈನ ಧರ್ಮ
260 ## - PUBLICATION, DISTRIBUTION, ETC.
Place of publication, distribution, etc. Sollapura.
Name of publisher, distributor, etc. Jaina Samskrathi Samrakshaka Sangha.,
Date of publication, distribution, etc. 1969
300 ## - PHYSICAL DESCRIPTION
Extent x,457
690 ## - LOCAL SUBJECT ADDED ENTRY--TOPICAL TERM (OCLC, RLIN)
Topical term or geographic name as entry element Jainism
9 (RLIN) 261335
906 ## - LOCAL DATA ELEMENT F, LDF (RLIN)
a 028847
942 ## - ADDED ENTRY ELEMENTS (KOHA)
Source of classification or shelving scheme Dewey Decimal Classification
Koha item type Book
Holdings
Withdrawn status Lost status Source of classification or shelving scheme Damaged status Not for loan Collection code Home library Current library Shelving location Date acquired Cost, normal purchase price Total Checkouts Full call number Barcode Date last seen Price effective from Koha item type
    Dewey Decimal Classification     Others St Aloysius Library St Aloysius Library   02/17/2021 5.00   294.4K KAIJ 028847 02/17/2021 02/17/2021 Book